000
00281nam a2200121Ia 4500
008
190216s9999||||xx |||||||||||||| ||und||
100
_a
Davar Sr
245
0
_a
Mercantile Law
260
_b
Progressive Corporation Pvt Ltd
_c
1977
300
_a
938p
650
_a
Commerce
942
_c
BK
999
_c
5128
_d
5128